000 00501nam a2200193Ia 4500
999 _c222
_d222
003 LSTLib
008 200710b ||||| |||| 00| 0 eng d
020 _a13915770
041 _aeng
082 _bLST
245 _aLST Review Volume 17 Issue 231 January 2007
260 _aColombo
_bLaw & Society Trust
300 _a42 p.
_c30 cm
500 _aIncludes References
650 _aMaldives
_9222
650 _aHuman Rights
_913391
650 _aAsian Human Rights Commission
_913329
942 _cTB
_2ddc